Pediatric emergency medicine : (Record no. 4200)
[ view plain ]
| 000 -LEADER | |
|---|---|
| fixed length control field | 00842nam a2200241 a 4500 |
| 001 - CONTROL NUMBER | |
| control field | 2602182 |
| 005 - DATE AND TIME OF LATEST TRANSACTION | |
| control field | 20250223144906.0 |
| 008 - FIXED-LENGTH DATA ELEMENTS--GENERAL INFORMATION | |
| fixed length control field | 970121s1997 moua b 001 0 eng |
| 020 ## - INTERNATIONAL STANDARD BOOK NUMBER | |
| International Standard Book Number | 0815110022 |
| 050 00 - LIBRARY OF CONGRESS CALL NUMBER | |
| Classification number | RJ370 |
| Item number | .P4525 1997 |
| 082 00 - DEWEY DECIMAL CLASSIFICATION NUMBER | |
| Classification number | 618.92/0025 |
| Edition information | 21 |
| 245 00 - TITLE STATEMENT | |
| Title | Pediatric emergency medicine : |
| Remainder of title | concepts and clinical practice / |
| Statement of responsibility, etc. | editor, Roger M. Barkin ; associate editors, Grace L. Caputo ... [et al.] ; consulting editor, Peter Rosen. |
| 250 ## - EDITION STATEMENT | |
| Edition statement | 2nd ed. |
| 260 ## - PUBLICATION, DISTRIBUTION, ETC. | |
| Place of publication, distribution, etc. | St. Louis, MO : |
| Name of publisher, distributor, etc. | Mosby, |
| Date of publication, distribution, etc. | c1997. |
| 300 ## - PHYSICAL DESCRIPTION | |
| Extent | xxii, 1269 p. : |
| Other physical details | ill. ; |
| Dimensions | 29 cm. |
| 650 #0 - SUBJECT ADDED ENTRY--TOPICAL TERM | |
| Topical term or geographic name entry element | Pediatric emergencies. |
| 650 #2 - SUBJECT ADDED ENTRY--TOPICAL TERM | |
| Topical term or geographic name entry element | Emergencies |
| General subdivision | in infancy & childhood. |
| 650 #2 - SUBJECT ADDED ENTRY--TOPICAL TERM | |
| Topical term or geographic name entry element | Pediatrics. |
| 650 #2 - SUBJECT ADDED ENTRY--TOPICAL TERM | |
| Topical term or geographic name entry element | Wounds and Injuries |
| General subdivision | in infancy & childhood. |
| 700 1# - ADDED ENTRY--PERSONAL NAME | |
| Personal name | Barkin, Roger M. |
| 700 1# - ADDED ENTRY--PERSONAL NAME | |
| Personal name | Caputo, Grace L. |
| 942 ## - ADDED ENTRY ELEMENTS (KOHA) | |
| Source of classification or shelving scheme | Library of Congress Classification |
| Koha item type | Books |
| Edition | 2nd ed. |
| Suppress in OPAC | No |
| 999 ## - | |
| -- | 4200 |
| -- | 4200 |
| Withdrawn status | Lost status | Source of classification or shelving scheme | Damaged status | Not for loan | Collection | Home library | Current library | Shelving location | Date acquired | Total checkouts | Full call number | Barcode | Date last seen | Copy number | Price effective from | Koha item type |
|---|---|---|---|---|---|---|---|---|---|---|---|---|---|---|---|---|
| Library of Congress Classification | Non-fiction | Science Library (Miotso) | Science Library (Miotso) | General stacks | 02/23/2025 | RJ370 .P4525 PED | SLM00003842 | 02/23/2025 | 1 | 02/23/2025 | Books | |||||
| Library of Congress Classification | Non-fiction | Science Library (Miotso) | Science Library (Miotso) | General stacks | 02/23/2025 | RJ370 .P4525 PED | SLM00003843 | 02/23/2025 | 2 | 02/23/2025 | Books |